• 首页
  • 本馆介绍
  • 公告通知
  • 最新文献
  • 馆藏检索
  • 电子资源
  • 读者导购
  • 参考咨询
  • 我的图书馆
  • 登录
  • 详细信息显示
  • 放入我的书架
  • 预约/预借图书
  • 作者相关作品
  • 分类相关作品
  • 丛书相关作品
  • 出版社相关作品

书目信息

  • 表格格式
  • 工作单格式
  • 卡片格式
题名:
收音机的检波器
    
 
作者: 钱乃辉 编著
分册:  
出版信息: 北京   人民邮电出版社  1958
页数: 33页
开本: 19cm
丛书名:
单 册:
中图分类: TN763.1
科图分类:
主题词: 检波器 , 调制技术 , 调制器 , 解调技术 , 解调器
电子资源:
ISBN:
000 00683nam0 2200277 45 980
001 0640046900
005 20060804110828.90
010    @dCNY0.12
091    @a15045.总963-无254
100    @a19970717d1958 em y0chiy0121 ea
101 0  @achi
102    @aCN@b110000
105    @af z 000yy
106    @ar
200 10 @a收音机的检波器@Ashou yin ji de jian bo qi@f钱乃辉编著
210    @a北京@c人民邮电出版社@d1958
215    @a33页@c图@d19cm
606    @a检波器
606 0  @a调制技术
606 0  @a调制器
606 0  @a解调技术
606 0  @a解调器
690    @aTN763.1@v3
701  0 @a钱乃辉@4编著@Aqian nai hui
801 0  @c20060804
905    @a10447@dTN763.1@e43
    
    收音机的检波器/钱乃辉编著 .-北京:人民邮电出版社,1958
    33页:图;19cm
    
    
    ISBN :CNY0.12
    
●
相关链接 在E读中查询图书 在五车中查询图书 在当当中查询图书 在豆瓣中查询图书


正题名:收音机的检波器     索取号:TN763.1/43         预约/预借

序号 登录号 条形码 馆藏地/架位号 状态 备注
1 0439728   204397287   密集书库/ [索取号:TN763.1/43] 在馆    
唐山师范学院图书馆 欢迎您!
大连网信软件有限公司© 版权所有